علاقة الحرية بمامى التوكل والرضا عند صوفية القرنين الثالث والرابع الهجريين /
Saved in:
| Main Author: | |
|---|---|
| Other Authors: | |
| Format: | Thesis |
| Language: | Arabic |
| Published: |
al-Qahirah :
Jami'at al-Qahirah,
1997.
|
| Subjects: | |
| Tags: |
Add Tag
No Tags, Be the first to tag this record!
|
| LEADER | 015780000a22003250004500 | ||
|---|---|---|---|
| 001 | 486742 | ||
| 005 | 20100409150200.0 | ||
| 008 | 1997 ua f0a ara d | ||
| 035 | |a (Sirsi) 486742 | ||
| 040 | |a UIAM |b eng | ||
| 041 | |a ara | ||
| 050 | |a BP166.3 | ||
| 100 | 1 | |a سعيد، هيام فرج محمد | |
| 242 | 1 | 0 | |a 'Alaqat al-huriyyah bi-maqamay al-tawakkul wa-al-rida 'inda sufiyat al-qarnayn al-thalith wa-al-rabi' al-hijrayn |
| 245 | 1 | 0 | |a علاقة الحرية بمامى التوكل والرضا عند صوفية القرنين الثالث والرابع الهجريين / |c إعداد هيام فرج محمد سعيد، إشراف عاطف العراقي |
| 260 | |a al-Qahirah : |b Jami'at al-Qahirah, |c 1997. | ||
| 300 | |a viii, 230 leaves : |c 30 cm. | ||
| 500 | |a "رسالة مقدمة للحصول على درجة الماجستير "On t.p. | ||
| 502 | |a Thesis (M.A.)--Jami'at al-Qahirah [1997]. | ||
| 504 | |a Includes bibliographical references (leaves 212-230). | ||
| 596 | |a 1 | ||
| 650 | |a Trust in God (Islam) | ||
| 650 | |a Sufism |x Doctrines | ||
| 655 | |a Theses, Facsimile edition (Islamic) | ||
| 700 | |a Sa'id, Hayyam Farj Muhammad | ||
| 710 | |a Jami'at al-Qahirah. |b Kulliyat al-Adab. Qism al-Falsafah | ||
| 710 | |a جامعة القاهرة. |x كلية الآداب قسم االدراسات الفلسفية | ||
| 900 | |a arf-ami | ||
| 999 | |c 432873 |d 467086 | ||
| 952 | |0 0 |6 TI BP 000166.3 S132A 1997 |7 0 |8 THESES |9 752319 |a IIUM |b IIUM |c MULTIMEDIA |g 355.50 |o ti BP 166.3 S132A 1997 |p 00011169954 |r 2017-10-23 |t 1 |v 355.50 |y THESIS | ||
